|
|
|
|
| LEADER |
00000cam a2200000 7i4500 |
| 001 |
0000000013 |
| 005 |
20000919.0 |
| 020 |
0 |
0 |
|a 9676108006
|
| 090 |
0 |
0 |
|a 303.69
|b ABD 1997
|
| 100 |
0 |
0 |
|a ABDULLAH Hassan
|c 1942-
|
| 245 |
1 |
0 |
|a Menyelesaikan konflik
|c Abdullah Hassan, Ainon Mohd
|
| 260 |
0 |
0 |
|a Kuala Lumpur :
|b Utusan Pub. & Dist. ,
|c 1997
|
| 300 |
|
|
|a 152 p. ;
|c 22 cm.
|
| 440 |
0 |
0 |
|a Siri komunikasi Utusan
|
| 650 |
0 |
0 |
|a Conflict management
|
| 700 |
0 |
1 |
|a Ainon Mohd. ,
|c 1950-
|
| 999 |
|
|
|a 0000000951
|b Monograph
|c Open Shelf
|e Default branch
|
| 999 |
|
|
|a 0000001783
|b Monograph
|c Open Shelf
|e Default branch
|